Oilfield Processing of Petroleum / (Record no. 17088)
[ view plain ]
| 000 -LEADER | |
|---|---|
| fixed length control field | 01147cam a2200289 a 4500 |
| 001 - CONTROL NUMBER | |
| control field | 3888062 |
| 005 - DATE AND TIME OF LATEST TRANSACTION | |
| control field | 20130123123004.0 |
| 008 - FIXED-LENGTH DATA ELEMENTS--GENERAL INFORMATION | |
| fixed length control field | 901024m19919999okua b 001 0 eng |
| 010 ## - LIBRARY OF CONGRESS CONTROL NUMBER | |
| LC control number | 90022260 |
| 020 ## - INTERNATIONAL STANDARD BOOK NUMBER | |
| International Standard Book Number | 0878143432 (v. 1) |
| 020 ## - INTERNATIONAL STANDARD BOOK NUMBER | |
| International Standard Book Number | 0878143548 (v. 2) |
| 082 00 - DEWEY DECIMAL CLASSIFICATION NUMBER | |
| Classification number | 665.53 |
| Edition number | 22 |
| Item number | MAN |
| 100 1# - MAIN ENTRY--PERSONAL NAME | |
| Personal name | Manning, Francis S. |
| 9 (RLIN) | 31286 |
| 245 10 - TITLE STATEMENT | |
| Title | Oilfield Processing of Petroleum / |
| Statement of responsibility, etc | Francis S. Manning and Richard E. Thompson ; with contributions by William P. Manning and Paul Buthod. |
| 246 3# - VARYING FORM OF TITLE | |
| Title proper/short title | Oilfield processing |
| 260 ## - PUBLICATION, DISTRIBUTION, ETC. (IMPRINT) | |
| Place of publication, distribution, etc | Tulsa, Okla. : |
| Name of publisher, distributor, etc | PennWell Books, |
| Date of publication, distribution, etc | c1991-<c1995 > |
| 300 ## - PHYSICAL DESCRIPTION | |
| Extent | v. <1-2 > : |
| Other physical details | ill. ; |
| Dimensions | 28-29 cm. |
| 500 ## - GENERAL NOTE | |
| General note | Vol. 2 has collective title: Oilfield processing. |
| 500 ## - GENERAL NOTE | |
| General note | Contributing authors vary. |
| 504 ## - BIBLIOGRAPHY, ETC. NOTE | |
| Bibliography, etc | Includes bibliographical references and indexes. |
| 505 1# - FORMATTED CONTENTS NOTE | |
| Formatted contents note | v. 1. Natural gas -- v. 2. Crude oil |
| 650 #0 - SUBJECT ADDED ENTRY--TOPICAL TERM | |
| Topical term or geographic name as entry element | Petroleum |
| General subdivision | Refining. |
| 9 (RLIN) | 31287 |
| 653 ## - INDEX TERM--UNCONTROLLED | |
| Resource For college | |
| Arrived date list | November2012 |
| 700 1# - ADDED ENTRY--PERSONAL NAME | |
| Personal name | Thompson, Richard E., |
| Titles and other words associated with a name | Ph.D. |
| 9 (RLIN) | 31288 |
| 942 ## - ADDED ENTRY ELEMENTS (KOHA) | |
| Source of classification or shelving scheme | Dewey Decimal Classification |
| Item type | Book - Borrowing |
| Withdrawn status | Item status | Source of classification or shelving scheme | Damaged status | Not for loan | Vendor | Home library | Current library | Shelving location | Date acquired | Source of acquisition | Total Checkouts | Total Renewals | Full call number | Barcode | Checked out | Date last seen | Date last borrowed | Koha item type |
|---|---|---|---|---|---|---|---|---|---|---|---|---|---|---|---|---|---|---|
| Dewey Decimal Classification | Baccah | Central Library | Central Library | First floor | 07/11/2012 | 3 | 25 | 665.53 MAN | 000027800 | 04/03/2020 | 08/10/2015 | 08/10/2015 | Book - Borrowing | |||||
| Dewey Decimal Classification | Baccah | Central Library | Central Library | First floor | 07/11/2012 | 1 | 28 | 665.53 MAN | 000027801 | 15/07/2025 | 02/11/2013 | NB - Book (Non borrowing) | ||||||
| Dewey Decimal Classification | Baccah | Central Library | Central Library | First floor | 23/01/2013 | 7 | 43 | 665.53 MAN | 000027909 | 05/11/2022 | 29/10/2022 | 29/10/2022 | Book - Borrowing |